| 000 | 00402 a2200133 4500 | ||
|---|---|---|---|
| 005 | 20250414120745.0 | ||
| 020 | _a1 85339 144 1 | ||
| 082 | _a666.936 SPI | ||
| 100 | _aSPIROPOULOS, J. | ||
| 245 | _aChenkumbi Line: Fuel-Efficient High-Quality Production | ||
| 260 |
_aLondon, _bIntermediate Technology, _c1992. |
||
| 300 |
_a39p., ill., map, figure, table, _bReferences, _c29cm. |
||
| 942 |
_2ddc _cBKS |
||
| 999 |
_c1383 _d1383 |
||